000 00994nam0a22002531 4500
001 RU\NLR\INFOCOMM_161\5000048924
005 20250613091956.0
035 _a(NLR Aleph) 009138153
090 _a8319139
_c8319139
100 _a20090919d1965 |||y0rusy50 ca
101 1 _afre
_crus
102 _aRU
105 _aa ||||000|y
200 1 _aHydrogéologie et notions de géologie d'ingénieur
_e[Manuel destiné aux étudiants des écoles supérieures et secondaires]
_fG. Bogomolov
_g[Trad. du russe par Vladimir Frolov, ing.-dr.]
210 _aΜ.
_cLa Paix
_d[1965]
215 _a280 с.
_cил.
_d22 см
300 _aНа доб. тит. л.: Г. В. Богомолов. Гидрогеология с основами инженерной геологии
300 _aНа обл. изд-во: "Éd. de Moscou"
700 1 _aBogomolov
_bG. V.
_gGerasim Vasil'evič
_4070
801 1 _aRU
_bNLR
_c20090919
801 0 _aRU
_bNLR
_gPSBO
852 _aNLR
_jГн01 Г-5/127
942 _cBOOK
980 _aNB